000 01320cam a2200301 a 4500
001 15034291
005 20080402142359.0
008 071004s2007 enk b 000 0 eng
010 _a 2007040767
020 _a9781860948473
020 _a1860948472
035 _a(OCoLC)ocn173809046
035 _a(OCoLC)173809046
_z(OCoLC)173808058
040 _aDLC
_cDLC
_dYDX
_dBAKER
_dYDXCP
_dBTCTA
_dDLC
050 0 0 _aHD2741
_b.P765 2007
082 0 0 _a332.042
_222
_bPRI
245 0 0 _aPrivate equity, corporate governance and the dynamics of capital market regulation /
_ceditor, Justin O'Brien.
260 _aLondon :
_bImperial College Press ;
_aSingapore ;
_aHackensack, NJ :
_bDistributed by World Scientific,
_cc2007.
300 _axii, 411 p. ;
_c24 cm.
504 _aIncludes bibliographical references (p. 371-411).
650 0 _aCorporate governance.
_94335
650 0 _aPrivate equity.
_94336
650 0 _aCapital market
_xLaw and legislation.
_94337
700 1 _aO'Brien, Justin.
_94338
942 _2ddc
_cBB
999 _c11439
_d11439